[Event "BL 1314 SC Viernheim - OSG Baden Baden"]
[Site "?"]
[Date "2013.11.24"]
[Round "4.4"]
[White "Meinhardt, Maximilian"]
[Black "Vallejo Pons, Francisco"]
[Result "0-1"]
[WhiteElo "2399"]
[BlackElo "2705"]
[PlyCount "78"]
[EventDate "2013.??.??"]

1. e4 e6 2. d4 d5 3. e5 c5 4. c3 Nc6 5. Nf3 Qb6 6. a3 f6 7. Bd3 fxe5 8. dxe5 g6
9. Qe2 Nh6 10. h4 c4 11. Bc2 Ng4 12. Nd4 Nxd4 13. cxd4 Qxd4 14. f4 h5 15. Bxg6+
Kd8 16. Nc3 Bd7 17. Bd2 Be8 18. Bc2 Bc5 19. O-O-O Qf2 20. Rhf1 Qxe2 21. Nxe2
Nf2 22. Rde1 Nd3+ 23. Bxd3 cxd3 24. Nc3 Bg6 25. Nxd5 Rc8 26. Kd1 Bf5 27. Ne3
Bxe3 28. Rxe3 Rc2 29. Rf2 Kd7 30. Rg3 Rxb2 31. Rg7+ Kc6 32. Be3 Rb1+ 33. Kd2
Rc8 34. Bd4 b6 35. Rxa7 Kb5 36. Bc3 Rb3 37. a4+ Kc4 38. Ba1 Kb4 39. Rf1 Rc2+
0-1

[Event "BL 1314 SK König Tegel - SG Solingen"]
[Site "?"]
[Date "2013.12.14"]
[Round "5.1"]
[White "L'Ami, Erwin"]
[Black "Rabiega, Robert"]
[Result "1-0"]
[WhiteElo "2648"]
[BlackElo "2498"]
[PlyCount "81"]
[EventDate "2013.??.??"]

1. d4 d5 2. c4 e6 3. Nf3 Nf6 4. Nc3 Nbd7 5. Bf4 dxc4 6. e3 b5 7. Nxb5 Nd5 8.
Bxc4 Bb4+ 9. Kf1 Nxf4 10. exf4 O-O 11. g3 a6 12. Nc3 Bb7 13. Be2 Qe7 14. Kg2 c5
15. a3 Bxc3 16. bxc3 cxd4 17. cxd4 Nf6 18. Re1 Rfc8 19. Kg1 Ne4 20. Bf1 Rc3 21.
Bg2 Rac8 22. Ne5 f5 23. Qb1 Bd5 24. Qb6 Rxa3 25. Rac1 Rac3 26. Rxc3 Nxc3 27.
Bxd5 Nxd5 28. Qxa6 Qe8 29. Nd3 Rc6 30. Qb7 h6 31. Nc5 Kh7 32. Re5 Nf6 33. Qb5
Qc8 34. Qb3 Nd7 35. Rxe6 Nxc5 36. Rxc6 Qxc6 37. Qc3 Qa4 38. Qxc5 Qd1+ 39. Kg2
Qd3 40. Qe5 h5 41. h4 1-0

[Event "BL 1314 SK König Tegel - SG Solingen"]
[Site "?"]
[Date "2013.12.14"]
[Round "5.2"]
[White "Stern, Rene"]
[Black "Smeets, Jan"]
[Result "1/2-1/2"]
[WhiteElo "2515"]
[BlackElo "2620"]
[PlyCount "117"]
[EventDate "2013.??.??"]

1. d4 Nf6 2. c4 e6 3. Nc3 Bb4 4. Bd2 b6 5. f3 Bxc3 6. Bxc3 d5 7. Qa4+ Bd7 8.
Qa3 Nc6 9. e3 Ne7 10. Bd3 O-O 11. Ne2 Nf5 12. Kf2 dxc4 13. Bxc4 Nd6 14. Bd3 Nd5
15. Bd2 f5 16. Rac1 Ne4+ 17. Ke1 Nxd2 18. Kxd2 Qg5 19. Bc4 Qxg2 20. Rhg1 Qxh2
21. Rh1 Qd6 22. Qxd6 cxd6 23. Bxd5 exd5 24. Nf4 Rac8 25. Nxd5 Rf7 26. f4 g6 27.
Rxc8+ Bxc8 28. Rc1 Bb7 29. Nc7 Rd7 30. b4 a6 31. Na8 b5 32. Nb6 Re7 33. Nc8 Rd7
34. Nb6 Re7 35. Nc8 Re6 36. Rc7 Bf3 37. Rd7 d5 38. Rd8+ Kg7 39. Rd7+ Kg8 40.
Rd8+ Kg7 41. Rd7+ Kf6 42. Rxh7 Rc6 43. Ne7 Rc4 44. Ng8+ Ke6 45. Re7+ Kd6 46.
Rg7 Rxb4 47. Rxg6+ Kc7 48. Rxa6 Rb1 49. Ne7 Be4 50. Ra7+ Kd6 51. Nc8+ Kc6 52.
Ne7+ Kd6 53. Nc8+ Ke6 54. Ra6+ Kd7 55. Nd6 b4 56. Nxe4 dxe4 57. Kc2 Re1 58. Kd2
Rb1 59. Kc2 1/2-1/2

[Event "BL 1314 SK König Tegel - SG Solingen"]
[Site "?"]
[Date "2013.12.14"]
[Round "5.3"]
[White "Stellwagen, Daniel"]
[Black "Richter, Michael"]
[Result "1/2-1/2"]
[WhiteElo "2604"]
[BlackElo "2467"]
[PlyCount "131"]
[EventDate "2013.??.??"]

1. e4 e6 2. d4 d5 3. Nc3 Nf6 4. Bg5 Bb4 5. e5 h6 6. Be3 Ne4 7. a3 Bxc3+ 8. bxc3
c5 9. Bd3 Qa5 10. Ne2 cxd4 11. Bxd4 Nc5 12. O-O Nc6 13. Nf4 Nxd3 14. Qxd3 Bd7
15. Nh5 O-O-O 16. a4 g6 17. Nf6 Nxd4 18. cxd4 Bc6 19. Qa3 Kb8 20. c3 Rc8 21.
Rfb1 h5 22. h4 Rc7 23. Rb4 Rhc8 24. Qb2 b6 25. Ra3 Ka8 26. f3 Qa6 27. Kf2 Qa5
28. Qa1 Kb8 29. Kg3 Ka8 30. Rb1 Bb7 31. Rb5 Qa6 32. Qb2 Bc6 33. Rb4 Qa5 34. Kh2
Qa6 35. Qd2 Qa5 36. Qa2 Kb8 37. Rb2 Ka8 38. Rbb3 Kb8 39. Rb2 Ka8 40. Rb4 Kb8
41. Rb1 Ka8 42. Rb2 Kb8 43. Qb3 Ka8 44. Qb4 Bb7 45. Qxa5 bxa5 46. g4 Rxc3 47.
Rxc3 Rxc3 48. gxh5 gxh5 49. Nxh5 Bc6 50. Ra2 Rc4 51. Nf6 Bxa4 52. Kg3 Bc2 53.
h5 Bf5 54. h6 Rc8 55. Kf4 Bg6 56. h7 Rh8 57. Kg5 Rxh7 58. Nxh7 Bxh7 59. Kf6 Kb7
60. Kxf7 Bf5 61. Rxa5 Kb6 62. Rc5 a5 63. Ke7 a4 64. Kd6 Bh3 65. Ke7 Bf5 66. Kd6
1/2-1/2

[Event "BL 1314 SK König Tegel - SG Solingen"]
[Site "?"]
[Date "2013.12.14"]
[Round "5.5"]
[White "Naumann, Alexander"]
[Black "Von Herman, Ulf"]
[Result "1/2-1/2"]
[WhiteElo "2544"]
[BlackElo "2375"]
[PlyCount "107"]
[EventDate "2013.??.??"]

1. d4 Nf6 2. c4 e6 3. Nc3 Bb4 4. e3 O-O 5. Bd3 d5 6. Nf3 c5 7. O-O dxc4 8. Bxc4
Nbd7 9. a3 Ba5 10. Bd2 cxd4 11. exd4 Nb6 12. Bd3 Nbd5 13. Ne5 Bb6 14. Bg5 h6
15. Nxd5 hxg5 16. Nxb6 Qxb6 17. Qd2 Rd8 18. Rfd1 Bd7 19. a4 a5 20. Qxg5 Qb4 21.
b3 Be8 22. Bc4 Ne4 23. Qh4 Nd6 24. Bd3 Nf5 25. Bxf5 exf5 26. Rd3 f6 27. Nc4 b5
28. Ne3 Bg6 29. Qf4 bxa4 30. bxa4 Ra7 31. h4 Rad7 32. Rad1 Qxa4 33. R1d2 Qb4
34. h5 Bh7 35. Nc2 Qc4 36. Rg3 Kh8 37. Kh2 Qc7 38. Qxc7 Rxc7 39. f4 Bg8 40. Ra3
Ra7 41. Ne3 Be6 42. d5 Bf7 43. Rda2 Rda8 44. Rc2 a4 45. Rc5 Ra5 46. Rc7 Bxd5
47. Nxd5 Rxd5 48. h6 gxh6 49. Rh3 a3 50. Rxh6+ Kg8 51. Rg6+ Kh8 52. Rh6+ Kg8
53. Rg6+ Kh8 54. Rh6+ 1/2-1/2

[Event "BL 1314 SK König Tegel - SG Solingen"]
[Site "?"]
[Date "2013.12.14"]
[Round "5.6"]
[White "Sarbok, Torsten"]
[Black "Andersen, Mads"]
[Result "0-1"]
[WhiteElo "2369"]
[BlackElo "2499"]
[PlyCount "124"]
[EventDate "2013.??.??"]

1. e4 e6 2. d4 d5 3. exd5 exd5 4. Bd3 c5 5. Nf3 c4 6. Be2 Bd6 7. O-O Nc6 8. b3
cxb3 9. axb3 Nge7 10. c4 O-O 11. c5 Bc7 12. Nc3 Bf5 13. Nb5 Bb8 14. Bb2 f6 15.
Bd3 Bg4 16. h3 Bh5 17. Bc3 Qd7 18. Re1 Ng6 19. Bxg6 Bxg6 20. Na3 a6 21. Nc2 Bf7
22. Qd2 Bh5 23. Nh2 g5 24. Ne3 Bg6 25. b4 Bc7 26. Qe2 Na7 27. Qf3 Rad8 28. Qg4
h5 29. Qd1 Bb8 30. Nef1 Nb5 31. Bb2 Rfe8 32. Qf3 f5 33. Qd3 Re4 34. Nf3 g4 35.
Ne5 Bxe5 36. dxe5 Qe6 37. hxg4 hxg4 38. Qd2 Rd7 39. Ng3 Rc4 40. Ne2 Be8 41.
Rad1 Nc7 42. Nd4 Qg6 43. e6 Rh7 44. Qf4 Qh5 45. f3 Rxb4 46. Ba1 gxf3 47. Qg3+
Qg4 48. Qxf3 Qxf3 49. gxf3 f4 50. Rb1 a5 51. Rbc1 a4 52. Re2 Rh5 53. Rg2+ Kf8
54. Rg4 Rxd4 55. Bxd4 Nxe6 56. Bb2 Kf7 57. Rb1 Bc6 58. Bc1 d4 59. Bxf4 Bxf3 60.
Rg3 Rh1+ 61. Kf2 Rxb1 62. Rxf3 Rb3 0-1

[Event "BL 1314 SK König Tegel - SG Solingen"]
[Site "?"]
[Date "2013.12.14"]
[Round "5.7"]
[White "Gabriel, Christian"]
[Black "Muse, Drazen"]
[Result "1/2-1/2"]
[WhiteElo "2497"]
[BlackElo "2404"]
[PlyCount "59"]
[EventDate "2013.??.??"]

1. d4 f5 2. g3 Nf6 3. Bg2 g6 4. c3 Nc6 5. Nd2 e5 6. dxe5 Nxe5 7. Ndf3 Nf7 8.
Ng5 Nxg5 9. Bxg5 h6 10. Bxf6 Qxf6 11. e4 fxe4 12. Bxe4 c6 13. Qc2 Kf7 14. O-O-O
d5 15. Bd3 b5 16. f4 Bd6 17. Re1 Bg4 18. h3 Bd7 19. Nf3 Rae8 20. Ne5+ Bxe5 21.
fxe5 Qg5+ 22. Kb1 Rxe5 23. Qf2+ Qf6 24. Qxa7 Rxe1+ 25. Rxe1 Qd6 26. Qd4 Re8 27.
Rf1+ Kg8 28. g4 Re6 29. a3 Be8 30. h4 1/2-1/2

[Event "BL 1314 SK König Tegel - SG Solingen"]
[Site "?"]
[Date "2013.12.14"]
[Round "5.8"]
[White "Fruebing, Stefan"]
[Black "Wegerle, Joerg"]
[Result "1/2-1/2"]
[WhiteElo "2378"]
[BlackElo "2429"]
[PlyCount "65"]
[EventDate "2013.??.??"]

1. e4 c5 2. Nf3 e6 3. d4 cxd4 4. Nxd4 a6 5. Nc3 Qc7 6. Be2 Nf6 7. O-O Nc6 8.
Be3 Bb4 9. Na4 Be7 10. Nxc6 bxc6 11. Nb6 Rb8 12. Nxc8 Qxc8 13. Bd4 c5 14. Be5
Rb6 15. Qd3 O-O 16. b3 d5 17. exd5 Nxd5 18. Rfd1 Bf6 19. Bxf6 Nxf6 20. Qc4 Qc7
21. Bf3 a5 22. Qc3 Rc8 23. Qc4 Kf8 24. g3 Ke7 25. Rd3 h6 26. Rc3 Qe5 27. Kg2 g5
28. Rd3 Qc7 29. h3 Nd7 30. Re3 Nf6 31. Rd3 Nd7 32. Re3 Nf6 33. Rd3 1/2-1/2

[Event "BL 1314 Schachfr. Berlin - SG Turm Trie"]
[Site "?"]
[Date "2013.12.14"]
[Round "5.1"]
[White "Erdos, Viktor"]
[Black "Melkumyan, Hrant"]
[Result "1/2-1/2"]
[WhiteElo "2658"]
[BlackElo "2634"]
[PlyCount "77"]
[EventDate "2013.??.??"]

1. d4 Nf6 2. c4 e6 3. Nc3 Bb4 4. Qc2 d5 5. cxd5 Qxd5 6. Nf3 O-O 7. Bd2 Bxc3 8.
Bxc3 b6 9. Nd2 Bb7 10. f3 Nc6 11. e4 Qg5 12. Nb3 a5 13. Qf2 a4 14. Nc1 Ne8 15.
Nd3 Nd6 16. h4 Qe7 17. Nf4 Ba6 18. Bxa6 Rxa6 19. d5 Nd8 20. Qe2 Ra8 21. g4 e5
22. Nd3 f6 23. Bb4 c5 24. Bd2 N8f7 25. Be3 Qd7 26. Rc1 Rae8 27. Rg1 Re7 28. Kf2
Nb5 29. Kg2 Nd4 30. Bxd4 exd4 31. Nf4 Nd6 32. Kh1 f5 33. gxf5 Nxf5 34. Ne6 Ne3
35. Rg3 Rxe6 36. dxe6 Qxe6 37. Rcg1 Rf7 38. Qh2 Qe7 39. h5 1/2-1/2

[Event "BL 1314 Schachfr. Berlin - SG Turm Trie"]
[Site "?"]
[Date "2013.12.14"]
[Round "5.2"]
[White "Kraemer, Martin"]
[Black "Lupulescu, Constantin"]
[Result "1/2-1/2"]
[WhiteElo "2546"]
[BlackElo "2630"]
[PlyCount "40"]
[EventDate "2013.??.??"]

1. d4 d5 2. c4 e6 3. Nc3 a6 4. cxd5 exd5 5. Bf4 c6 6. e3 Bf5 7. g4 Be6 8. h4 c5
9. Bg2 cxd4 10. Qxd4 Nc6 11. Qd2 Bb4 12. a3 Bxc3 13. Qxc3 Nge7 14. Nf3 Bxg4 15.
Qxg7 Rg8 16. Qf6 Rg6 17. Qh8+ Rg8 18. Qf6 Rg6 19. Qh8+ Rg8 20. Qf6 Rg6 1/2-1/2

[Event "BL 1314 Schachfr. Berlin - SG Turm Trie"]
[Site "?"]
[Date "2013.12.14"]
[Round "5.4"]
[White "Maksimenko, Andrei"]
[Black "Parligras, Mircea-Emilian"]
[Result "1/2-1/2"]
[WhiteElo "2545"]
[BlackElo "2576"]
[PlyCount "65"]
[EventDate "2013.??.??"]

1. d4 Nf6 2. c4 e6 3. Nc3 Bb4 4. g3 O-O 5. Bg2 d5 6. Nf3 dxc4 7. a3 Be7 8. Ne5
c5 9. dxc5 Qxd1+ 10. Nxd1 Bxc5 11. Nxc4 Nc6 12. b4 Bd4 13. Bb2 Bd7 14. Rc1 Rab8
15. e3 Bxb2 16. Ndxb2 b5 17. Nd2 Rfc8 18. Nd3 Ne7 19. Ke2 Bc6 20. Bxc6 Nxc6 21.
Nb3 Kf8 22. Rc2 Ne7 23. Ndc5 Ke8 24. Rhc1 Nd7 25. Ne4 Rxc2+ 26. Rxc2 Rb6 27.
Rc7 a6 28. Nbc5 Nb8 29. Nb7 Kf8 30. Nbd6 f5 31. Nc8 Rc6 32. Rxc6 Nbxc6 33. Nxe7
1/2-1/2

[Event "BL 1314 Schachfr. Berlin - SG Turm Trie"]
[Site "?"]
[Date "2013.12.14"]
[Round "5.5"]
[White "Bobras, Piotr"]
[Black "Lauber, Arnd"]
[Result "1/2-1/2"]
[WhiteElo "2518"]
[BlackElo "2452"]
[PlyCount "70"]
[EventDate "2013.??.??"]

1. e4 e6 2. d4 d5 3. Nc3 Nf6 4. e5 Nfd7 5. f4 c5 6. Nf3 Nc6 7. Be3 Be7 8. Qd2
b6 9. Nd1 cxd4 10. Nxd4 Nxd4 11. Bxd4 O-O 12. Bd3 f6 13. exf6 Bxf6 14. Bxf6
Qxf6 15. O-O Bb7 16. c3 Qh6 17. Bb5 Nc5 18. Qe3 Rf6 19. f5 Rxf5 20. Rxf5 exf5
21. Qxh6 gxh6 22. Ne3 a6 23. Bf1 f4 24. Nf5 h5 25. Rd1 Ne4 26. c4 Rd8 27. cxd5
Kf8 28. Rd4 Rxd5 29. Rxe4 Rxf5 30. Re6 b5 31. Rb6 Rf7 32. a4 bxa4 33. Bxa6 Bxa6
34. Rxa6 Rb7 35. Rxa4 Rxb2 1/2-1/2

[Event "BL 1314 Schachfr. Berlin - SG Turm Trie"]
[Site "?"]
[Date "2013.12.14"]
[Round "5.6"]
[White "Abel, Dennes"]
[Black "Gordon, Stephen J"]
[Result "1/2-1/2"]
[WhiteElo "2427"]
[BlackElo "2518"]
[PlyCount "121"]
[EventDate "2013.??.??"]

1. d4 Nf6 2. c4 e6 3. Nc3 Bb4 4. f3 c5 5. d5 b5 6. e4 O-O 7. Bd3 bxc4 8. Bxc4
Nxd5 9. Bxd5 exd5 10. Qxd5 Qh4+ 11. g3 Qf6 12. Bd2 Nc6 13. O-O-O Ba6 14. Bg5
Qg6 15. Nge2 h6 16. Bf4 Rfc8 17. Kb1 Na5 18. Qd6 Qe6 19. Qxe6 dxe6 20. a3 Bxc3
21. Nxc3 Nc4 22. Ka2 Rc6 23. b3 g5 24. Bd2 Ne5 25. f4 Nf3 26. Be3 Rb8 27. Rc1
Bd3 28. Rhd1 c4 29. b4 a6 30. e5 Kg7 31. Na4 Rbc8 32. Nc5 Nxh2 33. fxg5 hxg5
34. Nxd3 Ng4 35. Bd4 cxd3 36. Rxc6 Rxc6 37. Kb3 Kg6 38. Rxd3 Kf5 39. Rd1 Nxe5
40. Rf1+ Ke4 41. Bxe5 Kxe5 42. Rxf7 Kd4 43. Rd7+ Ke4 44. Rf7 e5 45. a4 Kd4 46.
Rd7+ Ke3 47. Rg7 e4 48. b5 axb5 49. axb5 Re6 50. Rxg5 Kf2 51. Rf5+ Kxg3 52. Kc4
e3 53. Rf1 e2 54. Re1 Kf2 55. Ra1 e1=Q 56. Rxe1 Rxe1 57. Kd5 Rb1 58. Kc6 Ke3
59. b6 Kd4 60. b7 Rxb7 61. Kxb7 1/2-1/2

[Event "BL 1314 Schachfr. Berlin - SG Turm Trie"]
[Site "?"]
[Date "2013.12.14"]
[Round "5.8"]
[White "Agopov, Mikael"]
[Black "Gonda, Laszlo"]
[Result "0-1"]
[WhiteElo "2435"]
[BlackElo "2543"]
[PlyCount "88"]
[EventDate "2013.??.??"]

1. e4 e5 2. Nf3 Nc6 3. Bb5 a6 4. Ba4 Nf6 5. O-O Be7 6. Re1 b5 7. Bb3 d6 8. c3
O-O 9. h3 Na5 10. Bc2 c5 11. d4 Nd7 12. Nbd2 exd4 13. cxd4 Re8 14. Nf1 Bb7 15.
d5 Nc4 16. b3 Bf6 17. Rb1 Nce5 18. N3h2 Ng6 19. Ne3 Bc3 20. Bd2 Bxd2 21. Qxd2
Nf6 22. Nf5 Bc8 23. g4 Ra7 24. Kh1 Rc7 25. h4 c4 26. h5 Ne5 27. Rg1 cxb3 28.
Rxb3 Rc4 29. f4 Bxf5 30. gxf5 Ned7 31. Rbg3 Nxh5 32. Rg5 Ndf6 33. Qg2 Kf8 34.
Bb1 g6 35. fxg6 hxg6 36. f5 gxf5 37. Rxf5 Re5 38. Rf2 Ke7 39. Qf3 Qh8 40. Bd3
Rc3 41. Qe3 Qc8 42. Qe2 Qc5 43. Rf3 Rc1 44. Nf1 Nf4 0-1

[Event "BL 1314 Werder Bremen - SC Eppingen"]
[Site "?"]
[Date "2013.12.14"]
[Round "5.1"]
[White "Harikrishna, P."]
[Black "Fressinet, Laurent"]
[Result "1/2-1/2"]
[WhiteElo "2704"]
[BlackElo "2707"]
[PlyCount "169"]
[EventDate "2013.??.??"]

1. e4 e5 2. Nf3 Nc6 3. Bb5 Nf6 4. O-O Nxe4 5. d4 Nd6 6. Bxc6 dxc6 7. dxe5 Nf5
8. Qxd8+ Kxd8 9. h3 Bd7 10. Nc3 h6 11. Bd2 Kc8 12. Rad1 b6 13. Rfe1 c5 14. Nd5
g5 15. Nf6 Be6 16. Bc3 Ne7 17. Nd2 Kb7 18. Nde4 Ng6 19. a3 a5 20. Nh5 b5 21.
Bd2 b4 22. f4 gxf4 23. Bxf4 c4 24. a4 Kc6 25. Bg3 Rg8 26. Kh2 Be7 27. Rd2 Rad8
28. Rde2 Bf8 29. Rf1 Rh8 30. Nd2 Rg8 31. Nf4 Nxf4 32. Rxf4 c3 33. bxc3 bxc3 34.
Ne4 Bb4 35. Re3 Kb7 36. Be1 Rd4 37. Rf2 Rc4 38. Rfe2 Rd8 39. Rg3 Rd5 40. Bxc3
Be7 41. Bb2 Rd8 42. Ba3 c5 43. Nc3 Bg5 44. Rf3 Kc6 45. Kg1 Rd2 46. Kf1 Rxe2 47.
Kxe2 Bf4 48. Bb2 Bxe5 49. Re3 Bd4 50. Rf3 Bg7 51. Kd1 h5 52. Rg3 Be5 53. Re3
Bd4 54. Rf3 Bg7 55. Rg3 Bf6 56. Rf3 Rd4+ 57. Ke1 Bg5 58. Rd3 Bh4+ 59. Kd2 Bg5+
60. Ke1 Rb4 61. Ba3 Rc4 62. Rf3 h4 63. Bb2 Rb4 64. Ba3 Rd4 65. Rd3 Rc4 66. Rf3
Bf4 67. Kd1 Be5 68. Kd2 Rd4+ 69. Kc1 Bf4+ 70. Kb1 Bg5 71. Rf2 Rf4 72. Rxf4 Bxf4
73. Bc1 Be5 74. Bd2 f5 75. Ne2 Bd5 76. Nf4 Be4 77. Kc1 c4 78. Ng6 Bg3 79. Bxa5
Bxg2 80. Ne7+ Kd7 81. Nxf5 Bf2 82. Kd2 Bxh3 83. Ke2 Bxf5 84. Kxf2 Bxc2 85. Kg2
1/2-1/2

[Event "BL 1314 Werder Bremen - SC Eppingen"]
[Site "?"]
[Date "2013.12.14"]
[Round "5.4"]
[White "Hracek, Zbynek"]
[Black "Balogh, Csaba"]
[Result "1/2-1/2"]
[WhiteElo "2638"]
[BlackElo "2630"]
[PlyCount "81"]
[EventDate "2013.??.??"]

1. e4 e5 2. Nf3 Nc6 3. d4 exd4 4. Nxd4 Nf6 5. Nxc6 bxc6 6. e5 Qe7 7. Qe2 Nd5 8.
c4 Nb6 9. Nc3 Qe6 10. Qe4 Bb4 11. Bd2 Ba6 12. b3 Bxc3 13. Bxc3 d5 14. Qh4 dxc4
15. Be2 O-O 16. Rc1 c5 17. O-O Bb7 18. bxc4 Qg6 19. Qg3 Rad8 20. f4 Qxg3 21.
hxg3 Ba6 22. Be1 Rd4 23. Bf2 Rd2 24. Rfe1 Rxa2 25. Bxc5 Re8 26. Bf3 Bc8 27. Bf2
Be6 28. c5 Nc8 29. Ra1 Ne7 30. Rxa2 Bxa2 31. Ra1 Bd5 32. Rxa7 Bxf3 33. gxf3 Nd5
34. Ra2 f5 35. exf6 gxf6 36. Rd2 c6 37. f5 h5 38. Kg2 Kg7 39. g4 Kh6 40. Kg3
Kg5 41. gxh5 1/2-1/2

[Event "BL 1314 Werder Bremen - SC Eppingen"]
[Site "?"]
[Date "2013.12.14"]
[Round "5.5"]
[White "Postny, Evgeny"]
[Black "Nyback, Tomi"]
[Result "1/2-1/2"]
[WhiteElo "2635"]
[BlackElo "2586"]
[PlyCount "130"]
[EventDate "2013.??.??"]

1. d4 Nf6 2. c4 g6 3. f3 Nc6 4. d5 Ne5 5. e4 d6 6. Nc3 Bg7 7. f4 Ned7 8. Nh3
O-O 9. Be2 Nb6 10. Nf2 e6 11. O-O exd5 12. cxd5 c6 13. dxc6 bxc6 14. Qc2 Re8
15. b3 Nxe4 16. Nfxe4 Rxe4 17. Nxe4 Bxa1 18. Bb2 Bxb2 19. Qxb2 Qf8 20. Nf6+ Kh8
21. Bf3 Be6 22. Bxc6 Rc8 23. Bb7 Rd8 24. Qd4 Qg7 25. Rd1 Nd7 26. Ne4 Qxd4+ 27.
Rxd4 d5 28. Nc3 Nf6 29. b4 Bc8 30. Bc6 Bd7 31. Bb7 Bc8 32. Bc6 Bd7 33. Bxd7
Rxd7 34. Na4 Rc7 35. Nc5 a5 36. a3 axb4 37. axb4 Kg7 38. Kf2 Kf8 39. Ke3 Ke7
40. Rd2 Ra7 41. Kd4 Kd6 42. Rc2 Nh5 43. b5 Nxf4 44. Na6 Ne6+ 45. Kd3 Rb7 46.
Rc6+ Ke7 47. b6 Nd8 48. Rc7+ Kd6 49. Rxb7 Nxb7 50. Kd4 Nd8 51. Nb4 Nc6+ 52.
Nxc6 Kxc6 53. g4 Kxb6 54. Kxd5 Kc7 55. Ke5 Kd7 56. g5 Ke7 57. h3 Ke8 58. Ke4
Kf8 59. Kf4 Kg7 60. Ke5 Kg8 61. Ke4 h6 62. h4 Kg7 63. Ke5 f6+ 64. gxf6+ Kf7 65.
h5 gxh5 1/2-1/2

[Event "BL 1314 Werder Bremen - SC Eppingen"]
[Site "?"]
[Date "2013.12.14"]
[Round "5.6"]
[White "Bluebaum, Matthias"]
[Black "Braun, Arik"]
[Result "1-0"]
[WhiteElo "2518"]
[BlackElo "2567"]
[PlyCount "107"]
[EventDate "2013.??.??"]

1. d4 Nf6 2. c4 e6 3. Nf3 Bb4+ 4. Nbd2 b6 5. a3 Bxd2+ 6. Qxd2 Bb7 7. e3 O-O 8.
Be2 d6 9. O-O Nbd7 10. b4 Ne4 11. Qc2 c5 12. Bb2 Rc8 13. Rfd1 d5 14. dxc5 bxc5
15. cxd5 Bxd5 16. b5 c4 17. Bd4 Ndc5 18. Rab1 Nb3 19. Ne5 Nd6 20. a4 Be4 21.
Qb2 Bxb1 22. Qxb1 Nxd4 23. Rxd4 c3 24. Nc6 Qd7 25. Qd3 Qc7 26. Bd1 Nf5 27. Rd7
Qb6 28. e4 Nh6 29. Qxc3 Kh8 30. Be2 Rc7 31. a5 Qb7 32. Rxc7 Qxc7 33. Qc5 Ra8
34. g3 f6 35. b6 axb6 36. axb6 Qb7 37. Na5 Qxe4 38. b7 Qb1+ 39. Bf1 Rg8 40. Qc8
Ng4 41. Nc6 Nxh2 42. Kxh2 Qxf1 43. Qxg8+ Kxg8 44. b8=Q+ Kf7 45. Qc7+ Kg8 46.
Qd8+ Kf7 47. Qd7+ Kg6 48. Ne7+ Kh6 49. Qd4 Qb5 50. Qe3+ Qg5 51. Qxe6 g6 52. Qf7
Qh5+ 53. Kg2 Kg5 54. f4+ 1-0

[Event "BL 1314 Werder Bremen - SC Eppingen"]
[Site "?"]
[Date "2013.12.14"]
[Round "5.7"]
[White "Medvegy, Zoltan"]
[Black "Meins, Gerlef"]
[Result "1/2-1/2"]
[WhiteElo "2541"]
[BlackElo "2463"]
[PlyCount "119"]
[EventDate "2013.??.??"]

1. c4 e6 2. g3 c5 3. Bg2 Nc6 4. Nf3 Nf6 5. O-O d5 6. cxd5 Nxd5 7. d4 Nb6 8.
dxc5 Qxd1 9. Rxd1 Bxc5 10. Nc3 O-O 11. Bf4 f6 12. Ne4 Be7 13. Bd6 Kf7 14. Bxe7
Kxe7 15. Nd4 Nxd4 16. Rxd4 e5 17. Rd2 Be6 18. Nc5 Rad8 19. Rc2 Bf5 20. Rc3 Rd2
21. Nxb7 Rc8 22. Rxc8 Nxc8 23. e4 Be6 24. Nc5 Bf7 25. b3 Nb6 26. a3 Nd7 27.
Nxd7 Kxd7 28. b4 Bc4 29. h4 Be2 30. Rc1 Rd3 31. Rc2 Bg4 32. Ra2 Rd1+ 33. Kh2
Kd6 34. Rc2 Rd3 35. Ra2 Rd1 36. Rb2 Be6 37. a4 Bc4 38. Rc2 Bb3 39. Rc8 Bxa4 40.
Ra8 Bd7 41. Rxa7 Rb1 42. Bh3 Bxh3 43. Kxh3 Rxb4 44. Rxg7 h5 45. g4 Rb3+ 46. Kg2
hxg4 47. Rxg4 Ke6 48. h5 Rb8 49. Kg3 Kf7 50. Rh4 Rg8+ 51. Kf3 Rh8 52. Rh1 Rg8
53. Rh3 Rh8 54. Rh1 Rg8 55. Ke3 Ra8 56. f3 Rb8 57. Ra1 Rh8 58. Rh1 Rb8 59. Kf2
Rg8 60. Ke3 1/2-1/2

[Event "BL 1314 Werder Bremen - SC Eppingen"]
[Site "?"]
[Date "2013.12.14"]
[Round "5.8"]
[White "Buchal, Stephan"]
[Black "Vogt, Lothar"]
[Result "1/2-1/2"]
[WhiteElo "2316"]
[BlackElo "2398"]
[PlyCount "46"]
[EventDate "2013.??.??"]

1. c4 c5 2. g3 Nc6 3. Bg2 g6 4. Nc3 Bg7 5. Nf3 d6 6. a3 a5 7. O-O Nh6 8. d3 Nf5
9. Bd2 O-O 10. Rb1 Bd7 11. Ne1 Rb8 12. Nc2 Ncd4 13. Nxd4 Nxd4 14. b4 b6 15. e3
axb4 16. axb4 Nc6 17. b5 Ne5 18. Qe2 Qc8 19. Ra1 Bh3 20. Nd5 Re8 21. Ra7 Bxg2
22. Kxg2 Rb7 23. Ra6 Nd7 1/2-1/2

[Event "BL 1314 Hamburger SK - Bayern München"]
[Site "?"]
[Date "2013.12.14"]
[Round "5.1"]
[White "Graf, Felix"]
[Black "Ernst, Sipke"]
[Result "1/2-1/2"]
[WhiteElo "2485"]
[BlackElo "2565"]
[PlyCount "150"]
[EventDate "2013.??.??"]

1. d4 e6 2. c4 b6 3. e4 Bb7 4. Bd3 Nc6 5. Nf3 Nb4 6. O-O g6 7. Re1 Nxd3 8. Qxd3
Bg7 9. Nc3 Ne7 10. Bg5 h6 11. Bh4 O-O 12. d5 d6 13. e5 dxe5 14. Bxe7 Qxe7 15.
Nxe5 Rad8 16. Qg3 Rfe8 17. Re3 Qg5 18. dxe6 Rxe6 19. Ng4 Rd4 20. h3 Rxe3 21.
Qxe3 f5 22. Qe6+ Kh7 23. Ne3 Qd8 24. Ned5 c6 25. Ne3 Rd6 26. Qf7 Qd7 27. Qxd7
Rxd7 28. Rd1 Rxd1+ 29. Nexd1 g5 30. Kf1 Kg6 31. Ke2 h5 32. f3 Kf6 33. Nf2 Ke6
34. Ncd1 c5 35. b3 Bd4 36. Ne3 h4 37. Kd2 Bc6 38. a4 Be8 39. Nd3 Bc6 40. Nf2 a6
41. Ke2 b5 42. axb5 axb5 43. cxb5 Bxb5+ 44. Nd3 Bxe3 45. Kxe3 f4+ 46. Kd2 Kd5
47. Kc3 Ba6 48. Kd2 Kd4 49. Ne1 Bf1 50. Nc2+ Kd5 51. Ne1 Kc6 52. Kc3 Kb5 53.
Kb2 Kc6 54. Kc3 Kd6 55. Kd2 Ke5 56. Kc3 Kd5 57. Kd2 Bb5 58. Kc3 Be8 59. Nd3 Bg6
60. Ne1 Bf5 61. Nd3 Bd7 62. Ne1 Bb5 63. Nd3 Ba6 64. Ne1 Bf1 65. Kd2 c4 66.
bxc4+ Bxc4 67. Nd3 Kd4 68. Nf2 Bf1 69. Ne4 Bxg2 70. Nxg5 Bf1 71. Ke1 Bd3 72.
Kf2 Bf5 73. Kg2 Kd5 74. Nf7 Kd4 75. Nh6 Be6 1/2-1/2

[Event "BL 1314 Hamburger SK - Bayern München"]
[Site "?"]
[Date "2013.12.14"]
[Round "5.2"]
[White "Svane, Rasmus"]
[Black "Schenk, Andreas"]
[Result "0-1"]
[WhiteElo "2467"]
[BlackElo "2486"]
[PlyCount "84"]
[EventDate "2013.??.??"]

1. Nf3 d5 2. c4 d4 3. b4 f6 4. e3 e5 5. b5 c5 6. Bd3 Bd6 7. Qc2 g6 8. exd4 exd4
9. Bb2 Ne7 10. h3 Be6 11. Na3 Nd7 12. O-O-O Bf7 13. Rde1 Qa5 14. h4 O-O-O 15.
Re2 Kb8 16. g4 Rde8 17. h5 Qd8 18. Ree1 Ne5 19. Nxe5 Bxe5 20. Qd1 Nc8 21. Qc2
Ne7 22. Qd1 Qd7 23. g5 gxh5 24. Qf3 Nc8 25. gxf6 Nd6 26. Rxh5 Bxh5 27. Qxh5
Bxf6 28. Rxe8+ Rxe8 29. Qxc5 Ne4 30. Bxe4 Rxe4 31. Nc2 Bg7 32. Qh5 Qg4 33. Qh1
Qf5 34. f3 Rf4 35. Qg1 Rxf3 36. Qh2+ Be5 37. Qh4 Rf1+ 38. Ne1 Qf6 39. Qe4 Qf5
40. Qh4 Bf6 41. Qg3+ Qe5 42. Qg8+ Kc7 0-1

[Event "BL 1314 Hamburger SK - Bayern München"]
[Site "?"]
[Date "2013.12.14"]
[Round "5.3"]
[White "Belezky, Alexander"]
[Black "Ftacnik, Lubomir"]
[Result "0-1"]
[WhiteElo "2457"]
[BlackElo "2545"]
[PlyCount "86"]
[EventDate "2013.??.??"]

1. Nf3 Nf6 2. g3 g6 3. Bg2 Bg7 4. O-O O-O 5. d3 c5 6. c3 Nc6 7. a3 d5 8. b4 Nd7
9. Qb3 e6 10. Be3 b6 11. d4 a5 12. b5 Ne7 13. a4 Bb7 14. Bg5 h6 15. Bxe7 Qxe7
16. Nbd2 g5 17. e3 Rac8 18. Rfc1 Rc7 19. Rc2 Rfc8 20. Rac1 Qf6 21. Ne1 Qg6 22.
Qa2 Qf5 23. Bf1 e5 24. dxe5 Nxe5 25. Bg2 Ng4 26. Ndf3 Re8 27. Rd2 Nf6 28. Qb3
Ne4 29. Re2 Qf6 30. Rec2 Rce7 31. h3 h5 32. h4 g4 33. Nh2 Nxg3 34. fxg3 Rxe3
35. Qb1 Qe5 36. Kf1 Qxg3 37. Bh1 Qxh4 38. Ng2 Qxh2 39. Nxe3 Qxh1+ 40. Kf2 Qf3+
41. Kg1 Qxe3+ 42. Kf1 d4 43. Rh2 Qf3+ 0-1